| 000 | 00527nam a2200157 4500 | ||
|---|---|---|---|
| 008 | 171215b xxu||||| |||| 00| 0 eng d | ||
| 020 | _a9718210058 | ||
| 082 |
_22000 _aDFil 170 _bG93 |
||
| 100 |
_925304 _aGualdo, Rosendo S., author. |
||
| 245 |
_aEthics : _bbasic concepts and contemporary moral lessons / _c Rosendo S. Gualdo. |
||
| 260 |
_aValenzuela City : _bMuya Publishing House, _c©2000. |
||
| 300 |
_a184 pages ; _c26 cm. |
||
| 500 | _aIncludes bibliographical references. | ||
| 650 | 0 |
_925305 _aEthics |
|
| 942 |
_2ddc _cDFIL |
||
| 999 |
_c8181 _d8181 |
||